000 00840nam a2200193 a 4500
001 000136890
003 AM-YeHGA
005 20250617161432.0
008 990323s1949 ||||||||||||||||||||rus d
040 _aAM-YeHGA
100 1 _aЧерновский, А.А.
245 1 0 _aОпределитель личинок комаров семейства Tendipedidae /
_cА.А. Черновский ; Гл. ред. Е.Н. Павловский.
260 _aЛенинград ;
_aМосква :
_bИзд-во АН СССР,
_c1949.
300 _a186 с.
440 0 _aОпределители по фауне СССР, издаваемые Зоологическим институтом АН СССР
_vВып. 31
650 1 4 _aЗоогеография. Фауна
700 1 _aПавловский, Е.В.
_eред.
_4edt
090 _c474790
999 _c471530
_d471530